000 00470nam a2200193Ia 4500
003 OSt
005 20260203110742.0
008 250729s1900 xx 000 0 und d
040 _cAL
041 _aeng
082 _a307.772 DSOK
100 _aD'Souza S J Lawrence
_9228357
245 _aKoragas:a primitive tribe of south india
260 _aMangalore
300 _a133p
650 _aSociology
_9228358
700 _aD'o Digumurthi
_9228359
942 _2ddc
_cBED
999 _c237970
_d237970